Welcome to CU Library Online Public Access Catalogue (OPAC)

Added Value : (Record no. 4796)

MARC details
000 -LEADER
fixed length control field 01014cam a22002654a 4500
001 - CONTROL NUMBER
control field 13101181
005 - DATE AND TIME OF LATEST TRANSACTION
control field 20250314132001.0
008 - FIXED-LENGTH DATA ELEMENTS--GENERAL INFORMATION
fixed length control field 030224s2003 enka b 001 0 eng
020 ## - INTERNATIONAL STANDARD BOOK NUMBER
International Standard Book Number 1403903875
020 ## - INTERNATIONAL STANDARD BOOK NUMBER
International Standard Book Number 9781403903877
050 00 - LIBRARY OF CONGRESS CALL NUMBER
Classification number HD69.B7
Item number S45 2003
082 00 - DEWEY DECIMAL CLASSIFICATION NUMBER
Classification number 658.8/27
Edition information 21
100 1# - MAIN ENTRY--PERSONAL NAME
Personal name Sherrington, Mark.
245 10 - TITLE STATEMENT
Title Added Value :
Remainder of title the alchemy of brand-led growth /
Statement of responsibility, etc. Mark Sherrington.
260 ## - PUBLICATION, DISTRIBUTION, ETC.
Place of publication, distribution, etc. Basingstoke, Hampshire ;
-- New York :
Name of publisher, distributor, etc. Palgrave Macmillan,
Date of publication, distribution, etc. 2003.
300 ## - PHYSICAL DESCRIPTION
Extent xvi, 208 p. :
Other physical details ill. ;
Dimensions 25 cm.
650 #0 - SUBJECT ADDED ENTRY--TOPICAL TERM
Topical term or geographic name entry element Brand name products.
650 #0 - SUBJECT ADDED ENTRY--TOPICAL TERM
Topical term or geographic name entry element Brand name products
General subdivision Marketing.
650 #0 - SUBJECT ADDED ENTRY--TOPICAL TERM
Topical term or geographic name entry element Value added.
650 #0 - SUBJECT ADDED ENTRY--TOPICAL TERM
Topical term or geographic name entry element Corporations
General subdivision Growth.
856 42 - ELECTRONIC LOCATION AND ACCESS
Materials specified Contributor biographical information
Uniform Resource Identifier <a href="http://www.loc.gov/catdir/bios/hol052/2003043143.html">http://www.loc.gov/catdir/bios/hol052/2003043143.html</a>
856 42 - ELECTRONIC LOCATION AND ACCESS
Materials specified Publisher description
Uniform Resource Identifier <a href="http://www.loc.gov/catdir/description/hol032/2003043143.html">http://www.loc.gov/catdir/description/hol032/2003043143.html</a>
856 41 - ELECTRONIC LOCATION AND ACCESS
Materials specified Table of contents only
Uniform Resource Identifier <a href="https://www.loc.gov/catdir/enhancements/fy1609/2003043143-t.html">https://www.loc.gov/catdir/enhancements/fy1609/2003043143-t.html</a>
942 ## - ADDED ENTRY ELEMENTS (KOHA)
Source of classification or shelving scheme Library of Congress Classification
Koha item type Books
Suppress in OPAC No
999 ## -
-- 4796
-- 4796
Holdings
Withdrawn status Lost status Source of classification or shelving scheme Damaged status Not for loan Collection Home library Current library Shelving location Date acquired Total checkouts Full call number Barcode Date last seen Copy number Price effective from Koha item type
    Library of Congress Classification     Non-fiction Undergraduate Library (Christ Temple) Undergraduate Library (Christ Temple) General stacks 03/14/2025   HD69.B7 SHE ulct00001735 03/14/2025 1 03/14/2025 Books
© 2023-2024 Copyright: Central University Libraries. All Rights Reserved | Created by: Mahone Tech Office